000 00407nam a2200133Ia 4500
003 GCL
008 140319s9999 xx 000 0 ara d
040 _aGCL /
_cGCL
082 0 4 _a320.90904
_bب ع
245 1 0 _aالعالم فى القرن العشرين عصر الحروب العالمية والتوراث
260 _a[S.N] :
_bمركز الكتب الاردنى ،
_c1990
300 _a500
490 _a
999 _c31559
_d31559